000
00251nam a22001217a 4500
041
_a
ENG
100
_a
Priyani .V.B
245
_a
Fundamental Hydraulics
260
_a
India
_b
Charotar Book Stall
_c
1961
300
_a
351
650
_a
48
856
_u
48
999
_c
3124
_d
3124